01969nam a2200301 a 4500001001000000005001700010008004100027041000800068044000700076084002000083100004500103245008500148260004800233300002400281440004200305500032500347500031800672500026900990500005901259500001001318650005201328650005601380650003401436650004501470700005101515700005101566740005001617BRCA_256820190320203853.0271108s1875----sp-a---###---#000-0dspa-u aspa asp a169b.G39c18751 aCervantes Saavedra, Miguel ded1547-161610aEl Ingenioso Hidalgo Don Quijote de la Manchacpor Miguel de Cervantes Saavedra. aMadridbLibreria e imprenta de Gasparc1875 a540 p.bil.c28 cm. 0aBiblioteca ilustrada de Gaspar y Roig aContenido : Primera parte. Dedicatoria del autor. Advertencia de los editores. Abreviaturas usadas. Retrato de Cervantes. Prólogo del autor. Versos preliminares. Texto. Segunda parte. Dedicatoria del autor. Prólogo del autor. Vida de Cervantes por J. M. Quintana. Buscapié, con un prólogo y notas de A. de Castro aEdición : Novisima edición con notas históricas, críticas y gramaticales, de la Academia Española, Pellicer, Arrieta, Clemencín, Cuesta, Janer, etc. Aumentada con El Buscapié anotado por A. de Castro y adornado con 300 grabados intercalados, láminas sueltas y el retrato del autor grabado en acero aReimpresión de la edición de 1864 de los mismos editores, con la única diferencia de que la presente contiene el escudo de la primera edición de Cuesta, lo cual constituye sin duda un gran acierto. Piel; lomera decorada con adornos dorados Lúdovik Osterc aEstado físico : Anotaciones manuscritas en la guarda aQM16314aNovela españolayÉpoca clásica, 1500-170014aLiteratura españolayÉpoca clásica, 1500-170014aNovela españolaySiglo XVII14aDon Quijote (Personaje ficticio)eNovela1 aQuintana, José Manueld1772-1857eBiógrafo1 aCastro y Rossi, Adolfo ded1823-1898eAnotador0 aEl Ingenioso Hidalgo Don Quijote de la Mancha